[Event "VIII Iberoamericano Mexico 2022"]
[Site "Mexico City"]
[Date "2022.02.19"]
[Round "8.24"]
[White "Zarate Manjarrez, Alfredo"]
[Black "Diaz Rosas, Julio Cesar"]
[Result "0-1"]
[WhiteElo "2026"]
[BlackElo "2393"]
[Annotator "TA"]
[PlyCount "99"]
[EventDate "2022.02.12"]
[EventType "swiss"]
[EventCountry "MEX"]
[SourceTitle "playchess.com"]
[Source "ChessBase"]
[SourceQuality "1"]

{[%evp 9,99,-1,-6,-21,-23,-24,2,-27,-22,-24,7,0,-9,-17,-16,-63,-59,-58,-41,-52,-49,-47,-40,-47,-29,-50,-29,-39,-22,-46,-43,-60,-10,-33,-28,-33,0,0,0,-50,-50,-57,-50,-79,-54,-116,-116,-100,-33,-116,-100,-143,-137,-167,-73,-83,-77,-83,-85,-72,-61,-61,-74,-63,-63,-77,-87,-149,-125,-327,-339,-364,-342,-490,-483,-628,-509,-690,-651,-2033,-1029,-1625,-1373,-2704,-2477,-29975,-12811,-29985,-29985,-29983,-29970,-29990]} 1. e4 e5 2. Nc3 Nc6 3. g3 Nf6 4. Bg2 Bc5 5. d3 a5 6. h3 {C26: Vienna Game: 2...Nf6, sidelines .} d6 7. Nge2 Be6 {[#]} 8. Be3 $146 {The position is equal.} ({Predecessor:} 8. Nd5 Qd7 9. Bg5 Ng8 10. c3 h6 11. Be3 Bxe3 12. Nxe3 Nge7 13. d4 exd4 14. cxd4 {1-0 (46) Gupta,S (2429)-Villalba,M (2258) Chess.com INT 2020}) 8... Bxe3 9. fxe3 d5 (9... O-O {keeps more tension.} 10. Qd2 Ne7 11. a4 c6 12. d4 Qc7) 10. exd5 Nxd5 11. Nxd5 Bxd5 12. e4 (12. O-O $11 {might be stronger.}) 12... Be6 $15 13. O-O O-O 14. Qd2 Qd6 15. Kh2 Rad8 16. a3 b6 17. Nc3 Ne7 18. Rae1 c6 19. Qe3 b5 20. Qb6 b4 (20... a4 $15) 21. axb4 axb4 22. Na4 $1 Rb8 (22... b3 $5) 23. Qc5 Qc7 24. b3 (24. Qf2 $11) 24... Rb5 $36 {[%mdl 2048] White is under pressure.} 25. Qe3 c5 26. Ra1 Ra5 27. Rac1 (27. h4 $15) 27... Nc6 $17 28. h4 (28. Nxc5 $2 Qb6 29. c3 (29. d4 $2 exd4 30. Nd7 Bxd7 $19) 29... Rxc5 $19) 28... Qd7 (28... Nd4 $17 29. Bh3 Bxh3 30. Kxh3 h6) 29. Nb6 (29. Nxc5 $2 Qa7 30. c4 (30. d4 $2 exd4 31. Qf2 Qxc5 $19) 30... Rxc5 $19) (29. c3 $1 $15) 29... Qd8 30. Nd5 ({White should try} 30. Na4) 30... Nd4 31. c3 Nxb3 (31... bxc3 $19 {is more deadly. And now ...f5 would win.} 32. Nxc3 Qd6) 32. cxb4 cxb4 33. Rb1 Bxd5 34. exd5 {[#]} Ra3 {...Qd6 is the strong threat.} 35. Rf2 (35. Qxe5 $2 Nd2 36. Rxb4 Nxf1+ 37. Bxf1 Ra2+ 38. Rb2 Rxb2+ 39. Qxb2 Qxd5 $19) 35... Qc7 36. Rfb2 Qc3 {Black is more active.} 37. d6 g6 38. Bd5 ({White should play} 38. Rf2) 38... Nd4 39. Qg5 $2 {[#] White does not recover from this.} (39. Rf2 $17 Qxd3 40. Qxd3 Rxd3 41. Rxb4) 39... Qc5 $1 $19 (39... Qxd3 40. d7 h6 41. Qxe5 $15) 40. Bg2 b3 ({Avoid the trap} 40... Rxd3 $2 41. d7 Ne6 42. Qc1 $19) ({But not} 40... Qxd6 $2 41. Rxb4 Rxd3 42. Rb6 $19) 41. h5 (41. Qf6 $142 Ra6 42. Re1) 41... Qxd6 42. hxg6 fxg6 {Hoping for ...Ra2.} 43. Re1 Ra5 44. Re3 Rc5 45. Rd2 Kg7 {White must now prevent ...Rf5.} 46. Qg4 Rc2 47. Qd1 Qb4 48. Rxc2 bxc2 49. Qc1 Qc5 50. Qe1 {Weighted Error Value: White=0.86/Black=0.28 (precise)} 0-1

[Event "VIII Iberoamericano Mexico 2022"]
[Site "Mexico City"]
[Date "2022.02.19"]
[Round "8.25"]
[White "Ocampo, Cristina"]
[Black "Gemy, Jose Daniel"]
[Result "0-1"]
[WhiteElo "2024"]
[BlackElo "2381"]
[Annotator "TA"]
[PlyCount "76"]
[EventDate "2022.02.12"]
[EventType "swiss"]
[EventCountry "MEX"]
[SourceTitle "playchess.com"]
[Source "ChessBase"]
[SourceQuality "1"]

{[%evp 15,76,16,36,6,10,0,0,0,0,0,0,-30,-31,-45,-51,-57,-44,-165,-158,-168,-160,-154,-151,-144,-148,-181,-173,-197,-189,-207,-198,-218,-235,-238,-229,-222,-218,-219,-224,-229,-222,-216,-161,-235,-234,-259,-236,-318,-349,-357,-357,-343,-301,-451,-410,-451,-466,-556,-541,-471,-453,-931,-896]} 1. e4 e5 2. Nf3 Nc6 3. Bb5 {[%cal Bf1b5,Bb5a4,Ba4b3][%mdl 32]} a6 4. Ba4 Nf6 5. d3 b5 6. Bb3 Be7 7. O-O {7.a4 is the fancy move.} O-O 8. a4 Bb7 9. c3 {C84: Closed Ruy Lopez: Unusual White 6th moves.} (9. h3 {feels hotter.} d6 10. Bd2 Nd7 11. Nc3 Nc5 12. Bd5) 9... d5 10. exd5 Nxd5 {[%cal Bf6d5,Bd5f4,Bf4e6,Be6d4][%mdl 32] [#]} 11. axb5 $146 {The position is equal.} ({Predecessor:} 11. Re1 Nf6 12. Nxe5 Nxe5 13. Rxe5 Bd6 14. Re1 Nd7 15. Qh5 Nf6 16. Qh4 Be7 17. Bg5 {1-0 (50) Bayona Navarro,I (1875)-Mateus,C (1499) Ocana 2017}) 11... axb5 12. Rxa8 Bxa8 13. Nbd2 {[%cal Bb1d2,Bd2e4,Be4c3,Bc3d5][%mdl 32]} Nf4 14. d4 exd4 15. Ne4 {[%csl LRd4,LRf4]} Ne6 (15... Ng6 {is more complex.} 16. Qd3 dxc3 17. Qxb5 Nb4 18. Rd1 Qc8) 16. Qd3 (16. Bxe6 $15 fxe6 17. cxd4) 16... dxc3 $19 17. Qxd8 Ncxd8 (17... Nexd8 18. Nxc3 b4 19. Nd5 $15) 18. Nxc3 Bxf3 19. gxf3 Nd4 {[%csl LRb3,LRf3]} 20. Bd1 N8e6 21. Be3 b4 22. Nd5 Bd6 23. Bd2 Rb8 24. Re1 Rb5 25. Nf4 Bxf4 26. Bxf4 Rf5 27. Bd2 c5 ({Inferior is} 27... Nxf3+ 28. Bxf3 Rxf3 29. Bxb4 $17) 28. f4 h5 29. Re4 (29. Re5 {was called for.}) 29... g6 30. Kg2 Rd5 {[#] White must now prevent ...Nf5.} 31. Be3 Nf5 {Pair of Knights!} 32. Bb3 Nxe3+ 33. Rxe3 Nxf4+ {KRB-KRN} 34. Kg3 (34. Kf3 $142 Rd4 35. Re4) 34... Rd4 35. Re8+ Kg7 {Black is clearly winning.} 36. Rc8 g5 {[#] ( -> ...Rd3+)} 37. Bc2 {Prevents Rd3+.} c4 {...Nd3 is the strong threat.} 38. Rc5 (38. Kf3 $142 Nd3 39. Bxd3 g4+ 40. Ke3 Rxd3+ 41. Ke2) 38... Ne6 {Black took control after the opening.  Weighted Error Value: White=0.47/Black=0.05 (flawless)} 0-1

[Event "VIII Iberoamericano Mexico 2022"]
[Site "Mexico City"]
[Date "2022.02.19"]
[Round "8.26"]
[White "Sandoval Mercado, Carlos"]
[Black "Martin Del Campo C., Jorge"]
[Result "1-0"]
[WhiteElo "2289"]
[BlackElo "2019"]
[Annotator "ChessBase"]
[PlyCount "167"]
[EventDate "2022.02.12"]
[EventType "swiss"]
[EventCountry "MEX"]
[SourceTitle "playchess.com"]
[Source "ChessBase"]
[SourceQuality "1"]
[TimeControl "5400+30"]

1. d4 {[%emt 0:00:06]} Nf6 {[%emt 0:00:54]} 2. c4 {[%emt 0:00:06]} e6 {[%emt 0:00:08]} 3. Nf3 {[%emt 0:00:06]} d5 {[%emt 0:00:19]} 4. g3 {[%emt 0:00:20]} Be7 {[%emt 0:00:40]} 5. Bg2 {[%emt 0:00:10]} O-O {[%emt 0:00:36]} 6. O-O {[%emt 0:00:08]} dxc4 {[%emt 0:00:15]} 7. Qc2 {[%emt 0:00:26]} a6 {[%emt 0:00:08]} 8. Qxc4 {[%emt 0:01:02]} b5 {[%emt 0:00:08]} 9. Qc2 {[%emt 0:00:04]} Bb7 {[%emt 0:00:04]} 10. Bd2 {[%emt 0:00:12]} Ra7 {[%emt 0:00:28]} 11. Rc1 {[%emt 0:00:15]} Be4 {[%emt 0:00:10]} 12. Qb3 {[%emt 0:00:26]} Nc6 {[%emt 0:00:22]} 13. e3 {[%emt 0:00:36]} Bd5 {[%emt 0:03:06]} 14. Qd1 {[%emt 0:01:27]} Ne4 {[%emt 0:01:10]} 15. Be1 {[%emt 0:11:40]} Qa8 16. Nfd2 {[%emt 0:12:06]} Nb4 {[%emt 0:27:29]} 17. Nxe4 Bxe4 {[%emt 0:01:50]} 18. Bxe4 {[%emt 0:14:27]} Qxe4 {[%emt 0:00:38]} 19. Nd2 {[%emt 0:00:11]} Qg6 {[%emt 0:05:37]} 20. Qb3 {[%emt 0:08:51]} c5 {[%emt 0:02:12]} 21. dxc5 {[%emt 0:07:15]} Nd3 {[%emt 0:02:40]} 22. Rc3 {[%emt 0:00:45]} Nxc5 {[%emt 0:00:15]} 23. Qc2 {[%emt 0:00:04]} Qxc2 {[%emt 0:02:00]} 24. Rxc2 {[%emt 0:00:02]} Nd3 {[%emt 0:00:17]} 25. Nb3 {[%emt 0:02:51]} Bf6 {[%emt 0:02:29]} 26. Rb1 {[%emt 0:00:06]} h6 {[%emt 0:01:00]} 27. Kf1 {[%emt 0:00:09]} e5 {[%emt 0:15:06]} 28. e4 {[%emt 0:08:37]} Be7 {[%emt 0:04:20]} 29. Ke2 {[%emt 0:01:44]} Nxe1 {[%emt 0:01:38]} 30. Rxe1 {[%emt 0:00:07]} a5 {[%emt 0:00:14]} 31. Rd1 {[%emt 0:01:01]} a4 {[%emt 0:00:55]} 32. Nc1 {[%emt 0:00:03]} f6 {[%emt 0:00:41]} 33. h4 {[%emt 0:00:24]} Rb8 {[%emt 0:00:27]} 34. Nd3 {[%emt 0:00:28]} Kf7 {[%emt 0:02:23]} 35. Rdc1 {[%emt 0:02:11]} Rbb7 {[%emt 0:00:52]} 36. h5 {[%emt 0:07:32]} Rd7 {[%emt 0:00:50]} 37. f3 {[%emt 0:01:34]} Ke8 {[%emt 0:01:17]} 38. Rc8+ {[%emt 0:01:25]} Rd8 {[%emt 0:00:16]} 39. R1c7 {[%emt 0:05:46]} Rxc7 {[%emt 0:00:26]} 40. Rxc7 {[%emt 0:00:05]} Rd7 {[%emt 0:00:13]} 41. Rc6 {[%emt 0:00:24]} Rb7 {[%emt 0:00:32]} 42. Nf2 {[%emt 0:05:13]} Kd7 {[%emt 0:00:13]} 43. Rc2 {[%emt 0:00:07]} Rc7 {[%emt 0:00:56]} 44. Rxc7+ {[%emt 0:00:07]} Kxc7 {[%emt 0:00:12]} 45. Nd1 {[%emt 0:04:17]} Kc6 {[%emt 0:00:18]} 46. Ne3 {[%emt 0:01:47]} Bf8 {[%emt 0:01:37]} 47. Kd3 {[%emt 0:00:08]} Kc5 {[%emt 0:02:02]} 48. Kc3 {[%emt 0:00:13]} Bd6 {[%emt 0:01:21]} 49. Nf5 {[%emt 0:00:45]} Bf8 {[%emt 0:00:09]} 50. Nh4 {[%emt 0:00:22]} Kc6 {[%emt 0:00:37]} 51. Kd3 {[%emt 0:00:23]} Bc5 {[%emt 0:01:15]} 52. Nf5 {[%emt 0:00:16]} Bf8 {[%emt 0:00:08]} 53. Ne3 {[%emt 0:00:08]} Kc5 {[%emt 0:00:28]} 54. Nd5 {[%emt 0:00:15]} Bd6 {[%emt 0:00:19]} 55. Kc3 {[%emt 0:00:06]} Kc6 {[%emt 0:00:42]} 56. Kd3 {[%emt 0:00:20]} Kc5 {[%emt 0:00:20]} 57. Ne3 {[%emt 0:02:35]} Be7 {[%emt 0:00:27]} 58. Nf5 {[%emt 0:00:12]} Bf8 {[%emt 0:00:07]} 59. f4 {[%emt 0:00:04]} Kc6 {[%emt 0:01:09]} 60. Ke3 {[%emt 0:00:30]} Kd7 {[%emt 0:00:13]} 61. Kf3 {[%emt 0:01:08]} Ke6 {[%emt 0:00:36]} 62. Ne3 {[%emt 0:00:04]} Kd6 {[%emt 0:00:47]} 63. Nd5 {[%emt 0:05:29]} f5 {[%emt 0:06:19]} 64. Nc3 {[%emt 0:00:04]} fxe4+ {[%emt 0:01:44]} 65. Nxe4+ {[%emt 0:00:22]} Kd5 {[%emt 0:00:43]} 66. Nc3+ {[%emt 0:02:33]} Kc4 {[%emt 0:00:09]} 67. fxe5 {[%emt 0:00:06]} a3 {[%emt 0:02:19]} 68. Nd1 {[%emt 0:00:01]} axb2 {[%emt 0:00:31]} 69. Nxb2+ {[%emt 0:00:01]} Kc3 {[%emt 0:01:33]} 70. a4 {[%emt 0:02:06]} bxa4 {[%emt 0:10:45]} 71. Nxa4+ {[%emt 0:00:01]} Kd4 {[%emt 0:00:08]} 72. Kf4 {[%emt 0:00:02]} Be7 {[%emt 0:01:23]} 73. Kf5 {[%emt 0:00:29]} Bd8 {[%emt 0:00:21]} 74. Nb2 {[%emt 0:01:20]} Bc7 {[%emt 0:00:25]} 75. e6 {[%emt 0:00:17]} Bd6 {[%emt 0:00:09]} 76. Kg6 {[%emt 0:00:42]} Ba3 {[%emt 0:02:10]} 77. Kxg7 {[%emt 0:00:40]} Ke4 {[%emt 0:00:31]} 78. Nc4 {[%emt 0:00:27]} Bc5 {[%emt 0:00:16]} 79. Kf7 {[%emt 0:00:35]} Kf3 {[%emt 0:00:13]} 80. Nd2+ {[%emt 0:00:12]} Kg4 {[%emt 0:00:08]} 81. Ne4 {[%emt 0:00:05]} Bb4 {[%emt 0:00:12]} 82. Nf6+ {[%emt 0:01:06]} Kxg3 {[%emt 0:01:00]} 83. Kg6 {[%emt 0:00:34]} Ba3 {[%emt 0:01:15]} 84. Nd5 {[%emt 0:00:09]} 1-0

[Event "VIII Iberoamericano Mexico 2022"]
[Site "Mexico City"]
[Date "2022.02.19"]
[Round "8.27"]
[White "Jorajuria Mendoza, Algol"]
[Black "Medina Diaz, Rafael Alejandro"]
[Result "1/2-1/2"]
[WhiteElo "2006"]
[BlackElo "2287"]
[Annotator "TA"]
[PlyCount "76"]
[EventDate "2022.02.12"]
[EventType "swiss"]
[EventCountry "MEX"]
[SourceTitle "playchess.com"]
[Source "ChessBase"]
[SourceQuality "1"]

{[%evp 15,76,14,37,0,60,33,20,36,42,24,115,122,122,129,135,17,43,-1,-2,0,0,0,0,0,0,0,0,0,0,0,0,0,0,0,0,0,0,0,0,0,0,0,0,0,13,0,0,0,0,0,0,0,0,0,0,0,0,0,0,0,0,0,0]} 1. e4 e6 2. d4 d5 3. Nc3 Bb4 4. e5 c5 5. a3 Bxc3+ 6. bxc3 Qa5 7. Bd2 Qa4 8. Qg4 g6 9. h4 {C18: French: 3 Nc3 Bb4: Main line: 7 h4 and 7 Qg4.} h6 ({Black should try} 9... h5 $1 $11 10. Qf4 Nd7) 10. Bd3 {Strongly threatening h5.} (10. h5 $5 {[%cal Rh5g6]} g5 11. f4 $14) 10... Nc6 (10... c4 $2 {[#]} 11. Bxg6 $1 {[%mdl 512]} Ne7 12. Bh5 $16 (12. Bxf7+ Kxf7 13. Qh5+ Ng6 $16)) 11. Nf3 {[%cal Oc3c4]} Nge7 12. c4 cxd4 (12... b6 $11 {keeps the balance.}) 13. cxd5 $16 exd5 14. Qf4 Bf5 {[#]} 15. g4 $146 (15. O-O $16) ({Predecessor:} 15. O-O Bxd3 16. cxd3 Qa6 17. e6 fxe6 18. Qf6 O-O-O 19. Bf4 Qxd3 20. Rfc1 Qf5 21. Qxe7 {1-0 (51) Kurnosov,I (2538)-Rustemov,A (2598) Moscow 2005}) 15... Be4 16. Bxe4 (16. O-O $1 $14 {is superior.}) 16... dxe4 $11 {The position is equal.} 17. Qxe4 Qc4 18. c3 $1 Rd8 19. cxd4 Nxd4 {[#] Threatens to win with ...Nc2+.} 20. Rc1 {Inhibits Nc2+.} Nxf3+ 21. Qxf3 Qd5 22. Qxd5 {Active counter play!} Rxd5 23. Rc7 Rd7 ({But not} 23... Rxe5+ 24. Kf1 Rd5 25. Bc3 $14) 24. Rxd7 Kxd7 {[%mdl 4096] Endgame KRB-KRN} 25. h5 g5 $1 26. f4 gxf4 27. Bxf4 Nd5 28. Bc1 Ke6 29. Kf2 b5 30. Rh3 a5 31. Rb3 b4 32. axb4 axb4 33. Kf3 Rh7 34. Bd2 Kxe5 35. Bxb4 f5 36. Bc3+ Ke6 37. Ra3 fxg4+ 38. Kxg4 Nxc3 {Weighted Error Value: White=0.13 (very precise) /Black=0.13 (very precise)} 1/2-1/2

[Event "VIII Iberoamericano Mexico 2022"]
[Site "Mexico City"]
[Date "2022.02.19"]
[Round "8.28"]
[White "Montes Orozco, Miguel Angel"]
[Black "Miranda Llanes, Yerisbel"]
[Result "1/2-1/2"]
[WhiteElo "1914"]
[BlackElo "2261"]
[Annotator "TA"]
[PlyCount "75"]
[EventDate "2022.02.12"]
[EventType "swiss"]
[EventCountry "MEX"]
[SourceTitle "playchess.com"]
[Source "ChessBase"]
[SourceQuality "1"]

{[%evp 12,75,17,21,21,43,31,4,20,10,9,0,0,0,18,-30,-24,-36,-36,-36,-33,-40,-40,-43,-31,-47,-34,-29,-23,0,0,-7,-8,-12,-11,-25,-20,-26,-21,-29,0,0,0,-10,-24,-17,22,20,20,20,35,57,42,0,68,29,25,35,37,47,39,38,192,189,152,76]} 1. d4 Nf6 2. c4 e6 3. Nf3 d5 4. Nc3 Bb4 5. cxd5 exd5 6. Bg5 h6 7. Bh4 O-O {7...Bf5 is setting a new trend. D38: Queen's Gambit Declined: Ragozin Defence (4 Nf3 Bb4).} 8. e3 c6 9. Be2 {[#]} Qe7 $146 {The position is equal.} ({Predecessor:} 9... g5 10. Bg3 Ne4 11. Qb3 Qb6 12. Rc1 Be6 13. Bxb8 Raxb8 14. O-O g4 15. Na4 Qa5 {0-1 (49) Martinez,J-Chang,S (2140) Sao Paulo 2003}) 10. Rc1 Bf5 11. Ne5 g5 12. Bg3 Ne4 13. Qb3 (13. O-O $142) 13... a5 $11 14. Nd3 ({But not} 14. O-O Nd2 15. Qd1 Nxf1 16. Bxf1 f6 $17) 14... Nxc3 15. bxc3 Ba3 {[#] ...Bxd3 is the strong threat.} 16. Rb1 b5 17. h4 Nd7 18. Qd1 Qe4 19. Kf1 f6 20. Rb3 Be7 21. Ne1 a4 22. Rb2 Kg7 23. Bd3 Qe6 24. Qb1 Bxd3+ 25. Nxd3 Rh8 26. f3 Nb6 (26... Qxe3 $2 27. Re2 Qxe2+ 28. Kxe2 $18) 27. Re2 $1 Nc4 28. Kf2 Bd6 29. Bxd6 Nxd6 30. Nc5 Qf7 31. e4 Rae8 32. Qd3 (32. Qe1 $14 {is superior.}) 32... Nc4 (32... dxe4 $11 33. Nxe4 Nxe4+ 34. fxe4 Rhf8) 33. hxg5 hxg5 34. Rxh8 Kxh8 35. exd5 cxd5 36. Qf5 {Hoping for Rxe8+.} Nd6 ({Black should play} 36... Rxe2+ $14 37. Kxe2 Kg8) 37. Rxe8+ $18 Nxe8 {[#]} 38. Qh3+ {Weighted Error Value: White=0.07 (flawless) /Black=0.19 (very precise)} (38. Qc8 $142 $1) 1/2-1/2

[Event "VIII Iberoamericano Mexico 2022"]
[Site "Mexico City"]
[Date "2022.02.19"]
[Round "8.29"]
[White "Estrada Nieto, Julian"]
[Black "Flores Irurso, Paul Josue"]
[Result "1-0"]
[WhiteElo "2253"]
[BlackElo "1912"]
[Annotator "ChessBase"]
[PlyCount "183"]
[EventDate "2022.02.12"]
[EventType "swiss"]
[EventCountry "MEX"]
[SourceTitle "playchess.com"]
[Source "ChessBase"]
[SourceQuality "1"]
[TimeControl "5400+30"]

1. e4 {[%emt 0:00:02]} c5 {[%emt 0:00:09]} 2. Nf3 {[%emt 0:00:04]} a6 {[%emt 0:01:28]} 3. c4 {[%emt 0:00:46]} e6 {[%emt 0:00:18]} 4. Nc3 {[%emt 0:00:51]} Nc6 {[%emt 0:02:38]} 5. Be2 {[%emt 0:03:47]} Nf6 {[%emt 0:02:21]} 6. O-O {[%emt 0:01:17]} Qc7 {[%emt 0:02:13]} 7. d4 {[%emt 0:01:56]} Ng4 {[%emt 0:09:50]} 8. g3 {[%emt 0:00:55]} cxd4 {[%emt 0:13:16]} 9. Nxd4 {[%emt 0:00:04]} Nge5 {[%emt 0:00:13]} 10. Be3 {[%emt 0:05:14]} Be7 {[%emt 0:05:22]} 11. Rc1 {[%emt 0:05:23]} O-O {[%emt 0:01:36]} 12. f4 {[%emt 0:07:22]} Nxd4 {[%emt 0:02:03]} 13. Qxd4 {[%emt 0:00:15]} Nc6 {[%emt 0:00:16]} 14. Qb6 {[%emt 0:00:53]} Qxb6 {[%emt 0:02:48]} 15. Bxb6 {[%emt 0:00:03]} d6 {[%emt 0:00:35]} 16. Rcd1 {[%emt 0:04:09]} e5 {[%emt 0:13:18]} 17. Nd5 {[%emt 0:17:21]} Bd8 {[%emt 0:00:31]} 18. f5 {[%emt 0:05:57]} Rb8 {[%emt 0:04:32]} 19. Be3 {[%emt 0:01:41]} b5 {[%emt 0:02:00]} 20. cxb5 {[%emt 0:03:22]} axb5 {[%emt 0:00:07]} 21. Rc1 {[%emt 0:00:14]} Bd7 {[%emt 0:01:15]} 22. Rfd1 {[%emt 0:01:27]} Ne7 {[%emt 0:03:32]} 23. Nb4 {[%emt 0:01:06]} Bb6 {[%emt 0:01:16]} 24. Bxb6 {[%emt 0:03:05]} Rxb6 {[%emt 0:00:10]} 25. Rc7 {[%emt 0:00:37]} Rd8 {[%emt 0:01:55]} 26. g4 {[%emt 0:01:01]} Kf8 {[%emt 0:01:04]} 27. a3 {[%emt 0:03:44]} Bc6 {[%emt 0:00:42]} 28. Bf3 {[%emt 0:02:48]} Ba8 {[%emt 0:06:19]} 29. Rdc1 {[%emt 0:06:50]} Rbb8 {[%emt 0:02:32]} 30. Kf2 {[%emt 0:03:18]} Rbc8 {[%emt 0:04:42]} 31. Ke3 {[%emt 0:07:12]} Rxc7 {[%emt 0:00:38]} 32. Rxc7 {[%emt 0:00:01]} Rc8 {[%emt 0:00:07]} 33. Rd7 {[%emt 0:01:52]} Nc6 {[%emt 0:05:03]} 34. Nxc6 {[%emt 0:00:15]} Bxc6 {[%emt 0:00:03]} 35. Rxd6 {[%emt 0:00:05]} Ke7 {[%emt 0:00:03]} 36. Rd2 {[%emt 0:00:23]} Bd7 {[%emt 0:00:41]} 37. Be2 {[%emt 0:00:21]} f6 {[%emt 0:01:19]} 38. Rd5 {[%emt 0:01:34]} Rb8 {[%emt 0:00:08]} 39. Rd3 {[%emt 0:01:42]} Bc6 {[%emt 0:01:36]} 40. Rc3 {[%emt 0:01:05]} Kd6 {[%emt 0:00:43]} 41. b4 {[%emt 0:00:08]} Ra8 {[%emt 0:00:47]} 42. Bd3 {[%emt 0:00:18]} Rh8 {[%emt 0:01:01]} 43. Be2 {[%emt 0:00:56]} Ra8 {[%emt 0:00:09]} 44. h4 {[%emt 0:00:23]} h6 {[%emt 0:00:05]} 45. Bd3 {[%emt 0:01:15]} Ra7 {[%emt 0:01:12]} 46. Bb1 {[%emt 0:00:48]} Ra8 {[%emt 0:02:41]} 47. Ba2 {[%emt 0:00:20]} Rc8 {[%emt 0:02:36]} 48. Rc5 {[%emt 0:03:36]} Rc7 {[%emt 0:02:34]} 49. Bd5 {[%emt 0:02:08]} Bd7 {[%emt 0:00:13]} 50. Rxc7 {[%emt 0:00:21]} Kxc7 {[%emt 0:00:05]} 51. g5 {[%emt 0:00:54]} hxg5 {[%emt 0:00:13]} 52. hxg5 {[%emt 0:00:06]} Kd6 {[%emt 0:00:07]} 53. gxf6 {[%emt 0:00:25]} gxf6 {[%emt 0:00:06]} 54. Bb3 {[%emt 0:00:11]} Be8 {[%emt 0:00:15]} 55. Bd1 {[%emt 0:00:39]} Bc6 {[%emt 0:00:24]} 56. Bc2 {[%emt 0:00:53]} Be8 {[%emt 0:00:19]} 57. Bd3 {[%emt 0:00:39]} Bc6 {[%emt 0:00:10]} 58. Kf3 {[%emt 0:00:06]} Be8 {[%emt 0:00:11]} 59. Kg4 {[%emt 0:00:05]} Ke7 {[%emt 0:00:09]} 60. Kh4 {[%emt 0:00:20]} Kd6 {[%emt 0:00:15]} 61. Be2 {[%emt 0:00:26]} Ke7 {[%emt 0:00:22]} 62. Bh5 {[%emt 0:00:31]} Bc6 {[%emt 0:00:05]} 63. Bf3 {[%emt 0:00:07]} Be8 {[%emt 0:00:06]} 64. Be2 {[%emt 0:00:28]} Kd6 {[%emt 0:01:20]} 65. Bd3 {[%emt 0:00:11]} Ke7 {[%emt 0:00:09]} 66. Kg3 {[%emt 0:00:05]} Kd6 {[%emt 0:00:13]} 67. Kf2 {[%emt 0:00:04]} Bc6 {[%emt 0:00:17]} 68. Ke3 {[%emt 0:00:04]} Ke7 {[%emt 0:00:20]} 69. Kd2 {[%emt 0:00:06]} Bd7 {[%emt 0:00:35]} 70. Kc3 {[%emt 0:00:03]} Kd6 {[%emt 0:00:16]} 71. Bb1 {[%emt 0:00:21]} Be8 {[%emt 0:00:17]} 72. Ba2 {[%emt 0:00:32]} Bc6 {[%emt 0:00:20]} 73. Kd3 {[%emt 0:00:10]} Be8 {[%emt 0:00:10]} 74. Bb3 {[%emt 0:00:48]} Ke7 {[%emt 0:00:25]} 75. Kc3 {[%emt 0:00:16]} Kd6 {[%emt 0:00:15]} 76. Bc2 {[%emt 0:00:18]} Bd7 {[%emt 0:00:21]} 77. Kb2 {[%emt 0:04:28]} Ke7 {[%emt 0:01:39]} 78. a4 {[%emt 0:01:21]} bxa4 {[%emt 0:00:08]} 79. Ka3 {[%emt 0:00:04]} Bc6 {[%emt 0:00:07]} 80. Bd3 {[%emt 0:00:09]} Kd6 {[%emt 0:01:20]} 81. b5 {[%emt 0:00:09]} Bd7 {[%emt 0:01:24]} 82. Kxa4 {[%emt 0:00:08]} Kc5 {[%emt 0:00:11]} 83. Ka5 {[%emt 0:00:18]} Bc8 {[%emt 0:00:10]} 84. b6 {[%emt 0:01:14]} Bb7 {[%emt 0:00:13]} 85. Bb1 {[%emt 0:01:18]} Bc8 {[%emt 0:03:17]} 86. Ba2 {[%emt 0:00:15]} Bb7 {[%emt 0:00:07]} 87. Bd5 {[%emt 0:01:17]} Bxd5 {[%emt 0:02:54]} 88. exd5 {[%emt 0:00:02]} Kxd5 {[%emt 0:00:10]} 89. b7 {[%emt 0:00:14]} Ke4 {[%emt 0:00:03]} 90. b8=Q {[%emt 0:00:11]} Kxf5 {[%emt 0:00:03]} 91. Kb4 {[%emt 0:00:06]} Kf4 {[%emt 0:00:11]} 92. Kc3 {[%emt 0:00:07]} 1-0